000 00543nam a2200193 i 4500
001 75452
003 ES-MaACL
005 20230906172446.0
007 t|
008 040924s1982 fr ||||1| spa d
020 _a84-85361-25-3
100 1 _aGoytisolo, Juan.
_959422
245 1 0 _aCrónicas sarracinas /
_cJuan Goytisolo.
260 _a[Paris] :
_bRuedo Ibérico,
_c[1982]
300 _a196 p. ;
_c21 cm.
650 4 _aMusulmanes-
_xEn la literatura.
_9171703
710 2 _aÉditions Ruedo ibérico.
_9145333
852 _aES-MaACL
_jL-2482
999 _c75452
_d75452